00318nam a2200133Ia 4500008004100000041000800041082001200049100001700061245002800078250001400106260002900120300002400149365001100173240624s9999 xx 000 0 und d aeng a337 GER aGERBER JAMES aINTERNATIONAL ECONOMICS a(6th ed.) c2014aNew DelhibPearson a490 : p. : cm. ; 24 cRSb33